000 00563nam a2200205 a 4500
005 20220606094004.0
008 991125 mx 000 0 spa u
035 _aUPN01000043135
049 _aCG
050 4 _aND248 T5.6
100 1 _aTibol, Raquel,
_d1923-
_929461
245 1 0 _aOrozco, Rivera, Siqueiros, Tamayo /
_cRaquel Tibol
260 _aMéxico :
_bFCE
300 _a63 p. :
_bil
440 0 _aTestimonios del Fondo;
_v17
500 _aDatos tomados de la cubierta
650 2 _aPintores mexicanos
_918893
904 _aAC
_b043137
905 _aLibro
999 _c43135
_d43135